W którym wieku, żył ten Polak - Statystyki

Ogólne statystyki
  • Ten quiz został rozwiązany 22 razy
  • Średni wynik to 9 z 15
Statystyki odpowiedzi
Zagadnienie Odpowiedź % Poprawnych
Józef Piłsudski XIX, XX
86%
Jan Paweł II XX, XXI
86%
Mieszko I X
76%
Henryk Sienkiewicz XIX, XX
76%
Maria Skłodowska-Curie XIX, XX
76%
Bolesław Chrobry X, XI
76%
Tadeusz Kościuszko XVIII, XIX
67%
Kazimierz Wielki XIV
62%
Fryderyk Chopin XIX
62%
Stanisław August Poniatowski XVIII
57%
Zygmunt I Stary XV, XVI
52%
Adam Mickiewicz XVIII, XIX
48%
Jadwiga Andegaweńska XIV
43%
Stefan Batory XVI
33%
Jan Zamojski XVI, XVII
24%
Nie znaleziono quizów pasujących do podanych kryteriów
Rozkład punktacji
Procent ludzi z każdym wynikiem
Percentyl według liczby udzielonych odpowiedzi
Twoja historia wyników
Nie rozwiązałeś tego quizu